00550nam a22001577a 4500003000400000005001700004008004100021040001800062100002200080245012100102260001900223650006700242650003700309700002600346856002000372OSt20240826112557.0240826b ||||| |||| 00| 0 eng d cAIMIT LIBRARY aAmrutha.e2216016 aStudy on financial performance and growth of hangyo ice cream private limited /cBy Amrutha ; Guided by Poulami Saha aUdupi ;c2024. aIndustry profile company profile and introduction of the study aData analysis and interpretation aSaha, Poulami.eGuide 3Hangyo icecream